000 00381nam a2200145Ia 4500
008 230312s9999||||xx |||||||||||||| ||und||
020 _a9781305871014
082 _a005.52
_bVER-M
100 _aShaffer,Ann
245 0 _aNew Perspectives Microsoft Office 365 & Office 2016
260 _bCengage
_aUSA
_c2017
300 _a679
650 _aComputer
_vWorld Processing
942 _cBK
999 _c17434
_d17434